Urdū kī behatarīna g̲h̲azaleṃ. (Record no. 53972)

MARC details
000 -LEADER
fixed length control field 00560cam a22002171 4500
001 - CONTROL NUMBER
control field sa 63001465
003 - CONTROL NUMBER IDENTIFIER
control field DLC
005 - DATE AND TIME OF LATEST TRANSACTION
control field 20260227111927.0
008 - FIXED-LENGTH DATA ELEMENTS--GENERAL INFORMATION
fixed length control field 890705s1962 ii 000 0 urdo
010 ## - LIBRARY OF CONGRESS CONTROL NUMBER
LC control number sa 63001465
035 ## - SYSTEM CONTROL NUMBER
System control number (OCoLC)19963627
040 ## - CATALOGING SOURCE
Original cataloging agency DLC
Transcribing agency WaU
Modifying agency DLC
042 ## - AUTHENTICATION CODE
Authentication code premarc
050 00 - LIBRARY OF CONGRESS CALL NUMBER
Classification number PK2184
Item number .A79
100 1# - MAIN ENTRY--PERSONAL NAME
Personal name Aśka, Upendranātha,
Dates associated with a name 1910-1996.
245 10 - TITLE STATEMENT
Title Urdū kī behatarīna g̲h̲azaleṃ.
260 ## - PUBLICATION, DISTRIBUTION, ETC.
Date of publication, distribution, etc. [1962]
300 ## - PHYSICAL DESCRIPTION
Extent 136 p.
Dimensions 19 cm.
500 ## - GENERAL NOTE
General note In Urdu, in Devanagari characters.
650 #0 - SUBJECT ADDED ENTRY--TOPICAL TERM
Topical term or geographic name entry element Urdu poetry.

No items available.

Powered by Koha